| 000 | 02295nam a2200313 a 4500 | ||
|---|---|---|---|
| 001 | 000048066 | ||
| 003 | DO-SdBNP | ||
| 005 | 20240305073651.0 | ||
| 007 | ta | ||
| 008 | 181112s2016 dr ac 000 0 spa d | ||
| 020 | _a9789945901641 | ||
| 040 |
_aDO-SdBNP _bspa _cBNPHU |
||
| 082 | 4 |
_a972.93 _bT595i _222 |
|
| 100 | 1 |
_aTippenhauer, Louis Gentil, _d1867-1929. _975570 |
|
| 245 | 1 | 3 |
_aLa isla de Haití / _cLouis Gentil Tippenhauer ; traducción María Isabel Romero Reche ; edición Jesús R. Navarro Zerpa |
| 260 |
_aSanto Domingo : _bAcademia Dominicana de la Historia, _c2016. |
||
| 300 |
_a912 p. : _bil., fots., retrs. ; _c23 cm. |
||
| 490 | 0 |
_aAcademia Dominicana de la Historia _v139 |
|
| 500 | _aIncluye datos biográficos del autor en la solapa de la contracubierta | ||
| 504 | _aBibliografía : p. 861-869 | ||
| 505 | 0 |
_aQuisquella -- _tIntroducción -- _tLas condiciones orográficas de la isla -- _tOrdenación horizontal -- _tOrdenación vertical -- _tHidrografía de las Antillas Mayores -- _tDe qué se compone el suelo de la isla, cómo se originó y lo que alberga -- _tConsideraciones meteorológicas y físicas -- _tOrganismo de la isla y su relación cambiante entre si -- _tFauna y flora de la isla y su relación con la clase trabajadora -- _tLa industria y el comercio -- _tQuisquella: morada de seres humanos -- _tLos habitantes de la isla desde el descubrimiento hasta la actualidad -- _tLa población nativa -- _tLa gente libre en la época actual -- _tDe la lengua y la literatura del país -- _tReligión y credos de fe --Miscelánea --De la situación político-social del país y administración del pasado y presente --Festividades, pesos y medidas, escudos y bandera --Obras que hablan estrictamente sobre Haití _tMiscelánea -- _tDe la situación político-social del país y administración del pasado y presente -- _tFestividades, pesos y medidas, escudos y bandera -- _tObras que hablan estrictamente sobre Haití. |
|
| 590 | _aInventariado, 2018/LP | ||
| 651 | 4 |
_a Isla Española (Haití y República Dominicana) _982684 _xHistoria |
|
| 700 | 1 |
_aRomero Reche, María Isabel, _etr. _975571 |
|
| 700 | 1 |
_aNavarro Zerpa, Jesús R., _eed. _973422 |
|
| 700 | 1 |
_aGarcía Cartagena, Manuel _ecorr. _912067 |
|
| 910 | _aValidado. Control de calidad MFF | ||
| 942 |
_2ddc _cLBS1 |
||
| 999 |
_c47554 _d47554 |
||